000 00431cam a2200145 4500500
005 20251012012127.0
041 _afre
042 _adc
100 1 0 _aRobin, Anne
_eauthor
245 0 0 _aEspoir
260 _c2021.
500 _a14
786 0 _nPhilosophie magazine | 146 | 2 | 2021-02-01 | p. 69-69 | 1951-1787
856 4 1 _uhttps://shs.cairn.info/magazine-philosophie-magazine-2021-2-page-69?lang=fr&redirect-ssocas=7080
999 _c1525550
_d1525550